Prejudices : fifth series /

Bibliographic Details
Main Author: Mencken, H. L. (Henry Louis), 1880-1956
Format: Book
Language:English
Published: New York : A. A. Knopf, [1926]

MARC

Tag First Indicator Second Indicator Subfields
LEADER 00000cam a2200000 i 4500
001 in00000022239
005 20151007063921.0
008 751114s1926 nyu 00010 eng d
010 |a  26021507  
035 |a (OCoLC)01835261 
035 |9 AAD8588AM 
040 |a TVJ  |c TVJ  |d TXA  |d UtOrBLW 
049 |a TXAM  |c [86911] 
050 0 |a PS3525.E43  |b P85 1926 
092 |a 814  |b M536p, 5th ser. 
100 1 |a Mencken, H. L.  |q (Henry Louis),  |d 1880-1956. 
245 1 0 |a Prejudices :  |b fifth series /  |c by H. L. Mencken. 
264 1 |a New York :  |b A. A. Knopf,  |c [1926] 
264 4 |c [©1926] 
300 |a vii pages, 1 ., 9-307 pages, 1 . ;  |c 20 cm. 
336 |a text  |b txt  |2 rdacontent 
337 |a unmediated  |b n  |2 rdamedia 
338 |a volume  |b nc  |2 rdacarrier 
999 |a MARS 
999 f f |s 5478c714-adc2-3e41-86be-0d66cc77c205  |i b16ebac8-1726-31be-9b27-d0fcd3a60366  |t 0 
952 f f |p ric  |a Texas A&M University  |b Rellis Campus  |c Joint Library Facility  |d Remote Storage  |t 0  |e PS3525.E43 P85 1926  |h Library of Congress classification  |i unmediated -- volume  |m A14801258849 
998 f f |a PS3525.E43 P85 1926  |t 0  |l Remote Storage